000 00330nam a2200121Ia 4500
008 220204s9999 xx 000 0 und d
082 _a308.001
_bWEI
100 _aBowen, B D
245 0 _aIntroduction to survey research and data analysis
260 _aSan Francisco
_bFreeman & Co
_c1977
700 _aWeisberg, H F
942 _cBK
999 _c31230
_d31230